Win the Oceanian Presidential Election! - Statistics

General Stats
  • This quiz has been taken 522 times
  • The average score is 81 of 93
Answers on the Map
Answers color-coded by a green-red scale on the quiz's map according to % correct below.
 
Answer Stats
Country % Correct
Australia
98%
Australia
98%
Australia
98%
Australia
98%
Australia
98%
Australia
98%
Australia
98%
Australia
98%
Australia
98%
Australia
98%
Australia
98%
Australia
98%
Australia
98%
Australia
98%
Australia
98%
Australia
98%
Australia
98%
Australia
98%
Australia
98%
Australia
98%
Australia
98%
Australia
98%
Australia
98%
Australia
98%
Australia
98%
Australia
98%
Australia
98%
Australia
98%
Australia
98%
Australia
98%
Australia
98%
Australia
98%
Australia
98%
Australia
98%
Australia
98%
Australia
98%
Australia
98%
Australia
98%
Australia
98%
Australia
98%
Australia
98%
Australia
98%
Australia
98%
Australia
98%
Australia
98%
Australia
98%
Australia
98%
Australia
98%
Australia
98%
Australia
98%
Australia
98%
New Zealand
94%
New Zealand
94%
New Zealand
94%
New Zealand
94%
New Zealand
94%
New Zealand
94%
New Zealand
94%
New Zealand
94%
New Zealand
94%
New Zealand
94%
Papua New Guinea
83%
Papua New Guinea
83%
Papua New Guinea
83%
Papua New Guinea
83%
Papua New Guinea
83%
Papua New Guinea
83%
Papua New Guinea
83%
Papua New Guinea
83%
Papua New Guinea
83%
Papua New Guinea
83%
Papua New Guinea
83%
Papua New Guinea
83%
Papua New Guinea
83%
Papua New Guinea
83%
Papua New Guinea
83%
Papua New Guinea
83%
Papua New Guinea
83%
Papua New Guinea
83%
Papua New Guinea
83%
Fiji
75%
Fiji
75%
Tonga
49%
Samoa
47%
Solomon Islands
47%
Solomon Islands
47%
Kiribati
45%
Palau
44%
Vanuatu
44%
Fed. States of Micronesia
40%
Nauru
39%
Tuvalu
35%
Marshall Islands
24%
No matching quizzes found
Score Distribution
Percent of People with Each Score
Percentile by Number Answered
Your Score History
You have not taken this quiz